000 00782nam a2200241 i 4500
001 18662
003 ES-MaACL
005 20230906151906.0
007 t|
008 020201s1996 sp |||| | spa d
020 _a84-88306-27-X
080 _a355(460)
245 0 3 _aLa profesionalización en los ejércitos
_b: un cambio radical de mentalidad para un Estado moderno /
_cMartín Aleñar Ginard ... [et al.].
260 _a[Madrid] :
_bFundación Cánovas del Castillo,
_c[1996]
300 _a229 p ;
_c21 cm.
490 1 _aVeintiuno
650 1 4 _aFuerzas armadas-
_zEspaña.
_912998
700 1 _aAleñar Ginard, Martín.
_919745
710 2 _aFundación Cánovas del Castillo.
_94244
830 0 _aVeintiuno
_9180481
852 _aES-MaACL
_jL-25238
999 _c18662
_d18662